000 00801nam a2200253Ia 4500
003 OSt
005 20220918170313.0
006 a|||||r|||| 00| 0
007 ta
008 220917b |||||||| |||| 00| 0 eng d
020 _a9780195678598 (pbk)
_c345
024 _a233,606
037 _bDU0026, 26/02/2008, Independent Publishers Group
_cTextual
040 _aARTS
_cARTS
_beng
041 _2eng
_aeng
082 _aV44Q7,1y7M76, M4;P7-;1
100 _aWolpert Stanley
_928256
245 0 _aJinnah of Pakistan
260 _aNew Delhi
_bOxford University Press India
_c2007
300 _axii, 421p.
_ccm.
650 _aHISTORY
942 _hV44Q7,1y7M76, M4;P7-;1
_cTEXL
_2CC
999 _c133550
_d133550